Central Library OPAC University of Rajshahi

Macmillan master Guides Macbeth / (Record no. 55080)

MARC details
000 -LEADER
fixed length control field 00646nam a22002177a 4500
001 - CONTROL NUMBER
control field 55080
003 - CONTROL NUMBER IDENTIFIER
rucl marc code BD-RjUL
005 - DATE AND TIME OF LATEST TRANSACTION
control field 20211209080219.0
008 - FIXED-LENGTH DATA ELEMENTS--GENERAL INFORMATION
fixed length control field 161114r19931985nyu||||| |||| 00| 0 eng d
035 ## - SYSTEM CONTROL NUMBER
System control number (BD-RjUL) 55202
040 ## - CATALOGING SOURCE
Original cataloging agency BD-RjUL
Language of cataloging eng
Transcribing agency BD-RjUL
041 ## - LANGUAGE CODE
Language code of text/sound track or separate title eng
082 ## - DEWEY DECIMAL CLASSIFICATION NUMBER
Edition number 23
Classification number 822.33
Author mark and year SHM 1993
100 ## - MAIN ENTRY--PERSONAL NAME
Personal name Shakespeare, William
9 (RLIN) 164200
245 ## - TITLE STATEMENT
Title Macmillan master Guides Macbeth /
Statement of responsibility, etc. William Shakespeare,
260 ## - PUBLICATION, DISTRIBUTION, ETC. (IMPRINT)
Place of publication, distribution, etc. London :
Name of publisher, distributor, etc. Macmillan,
Date of publication, distribution, etc. 1985 [Reprinted 1993]
300 ## - PHYSICAL DESCRIPTION
Pagination 83 p. ;
Size 20 cm.
600 ## - SUBJECT ADDED ENTRY--PERSONAL NAME
Personal name Shakespeare, William, -
Titles and other words associated with a name 1564-1616.
Dates associated with a name Macbeth.
700 ## - ADDED ENTRY--PERSONAL NAME
Personal name Elloway, David
942 ## - ADDED ENTRY ELEMENTS (KOHA)
Source of classification or shelving scheme Dewey Decimal Classification
Koha item type Books
Holdings
Lost status Source of classification or shelving scheme Damaged status Not for loan Collection code Permanent Location Current Location Shelving location Date acquired Source of acquisition Cost, normal purchase price Total Checkouts Full call number Date last seen Copy number Koha item type
  Dewey Decimal Classification     Non-fiction Central Library, University of Rajshahi Central Library, University of Rajshahi   10/12/1996 Zeitlinger 194.00   822.33 SHM 1993 14/11/2016 C-2 Books